MARC details
| 000 -CABECERA |
| campo de control de longitud fija |
02480nam a2200253 a 4500 |
| 001 - NÚMERO DE CONTROL |
| campo de control |
000000802 |
| 005 - FECHA Y HORA DE LA ÚLTIMA TRANSACCIÓN |
| campo de control |
20200929145417.0 |
| 008 - DATOS DE LONGITUD FIJA--INFORMACIÓN GENERAL |
| campo de control de longitud fija |
090522n199? dr c r 001 0 spa d |
| 040 ## - FUENTE DE LA CATALOGACIÓN |
| Centro catalogador/agencia de origen |
DO-SdBNP |
| Lengua de catalogación |
spa |
| Centro/agencia transcriptor |
BNPHU |
| 082 ## - NÚMERO DE LA CLASIFICACIÓN DECIMAL DEWEY |
| Número de clasificación |
915.1 |
| Número de documento/Ítem |
H557r |
| 100 1# - ENTRADA PRINCIPAL--NOMBRE DE PERSONA |
| Nombre de persona |
Hernández, Vinicio |
| 9 (RLIN) |
2783 |
| 245 10 - MENCIÓN DE TÍTULO |
| Título |
República de China : |
| Resto del título |
ejemplo del desarrollo humano / |
| Mención de responsabilidad, etc. |
Vinicio Hernández. |
| 246 13 - FORMA VARIANTE DE TÍTULO |
| Título propio/Titulo breve |
República de China: |
| Resto del título |
triunfo del desarrollo humano |
| 260 ## - PUBLICACIÓN, DISTRIBUCIÓN, ETC. |
| Lugar de publicación, distribución, etc. |
Santo Domingo : |
| Nombre del editor, distribuidor, etc. |
Taller, |
| Fecha de publicación, distribución, etc. |
[19--]. |
| 300 ## - DESCRIPCIÓN FÍSICA |
| Extensión |
168 p. : |
| Otras características físicas |
retrs. ; |
| Dimensiones |
21 cm. |
| 500 ## - NOTA GENERAL |
| Nota general |
Incluye datos biográficos del autor en la solapa de la cubierta |
| 505 0# - NOTA DE CONTENIDO CON FORMATO |
| Información miscelánea |
Capítulo 1. |
| Título |
Invitación del gobierno de la República de China al Lic. Jacobo Majluta a conocer Taiwan -- |
| Información miscelánea |
Capítulo 2. |
| Título |
Recibimiento en el aeropuerto por autoridades diplomáticas del gobierno de la República de China -- |
| Información miscelánea |
Capítulo 3. |
| Título |
Estadía en la ciudad de Taipei. Visita a la oficina de información del gobierno Yuan ejecutivo -- |
| Información miscelánea |
Capítulo 4. |
| Título |
Visita al alcalde de Taipei. Encuentro y almuerzo con el Viceministro de Relaciones Exteriores. Visita al Museo Nacional de Palacio de la República de China. Recepción de la República Dominicana en Taipei -- |
| Información miscelánea |
Capítulo 5. |
| Título |
Recorrido por la Cía. de electricidad de Taiwan. Recibimiento en el Partido Kuomintang (Nacionalista). Entrevista con el Ministro de Relaciones Exteriores. Vista al Monumento y al Museo Conmemorativo al presidente Chiang Kai-Shek. Encuentro con el Excmo. Señor Presidente de la República de China -- |
| Información miscelánea |
Capítulo 6. |
| Título |
Desayuno con el alcalde de Taipei. Partida para la ciudad de Kaohsiung. Recorrido por la acería de China. Recorrido por la corporación de construcciones navieras de China. Visita a la zona de industrias de exportación de Chien Chen y al almacén de departamentos presidente -- |
| Información miscelánea |
Capítulo 7. |
| Título |
Estadía en la Estación Experimental de Horticultura Tropical de Fengshan. Visita al Laboratorio Acuático de Tung-Kang -- |
| Información miscelánea |
Capítulo 8. |
| Título |
Recorrido por el Parque Naciona de Kenting. Regreso a Taipei al hotel Regent. Cena de despedida ofrecida por el Director General de Centro y Sudamérica del Ministerio de Relaciones Exteriores. Despedida en el aeropuerto de Chang Kai-Shek. |
| 590 ## - NOTA LOCAL (RLIN) |
| Nota local |
Inventariado, 2018/BT |
| 651 #4 - PUNTO DE ACCESO ADICIONAL DE MATERIA--NOMBRE GEOGRÁFICO |
| Nombre geográfico |
China |
| Subdivisión general |
Descripciones Y Viajes |
| 9 (RLIN) |
2784 |
| 651 #4 - PUNTO DE ACCESO ADICIONAL DE MATERIA--NOMBRE GEOGRÁFICO |
| Nombre geográfico |
China |
| Subdivisión general |
Política Económica |
| 9 (RLIN) |
2785 |
| 651 #4 - PUNTO DE ACCESO ADICIONAL DE MATERIA--NOMBRE GEOGRÁFICO |
| Nombre geográfico |
China |
| Subdivisión general |
Condiciones Económicas |
| 9 (RLIN) |
2786 |
| 651 #4 - PUNTO DE ACCESO ADICIONAL DE MATERIA--NOMBRE GEOGRÁFICO |
| Nombre geográfico |
China |
| Subdivisión general |
Relaciones Exteriores |
| 9 (RLIN) |
2787 |
| 910 ## - DATOS DE OPCIÓN DEL USUARIO (OCLC) |
| Datos de opción del usuario |
Validado. Control de calidad. MFF |